| 000 | 00417nam a22001337a 4500 | ||
|---|---|---|---|
| 999 |
_c55080 _d55080 |
||
| 008 | 200205b ||||| |||| 00| 0 eng d | ||
| 041 | _aeng | ||
| 080 |
_2043.3 _a043.3 |
||
| 082 | _a043.3 | ||
| 100 | _a0 | ||
| 101 | _aBTH | ||
| 245 |
_aNdikimi i IOT (Internet of things) në rritjen e Kualitetit të Produkteve Bujqësore si dhe në Racionalizimin e Shfrytzimit të Resurseve Bujqësore _cSuka,A |
||
| 942 |
_2udc _cBK |
||